000 00416nam a2200181Ia 4500
001 10385
005 20260306161828.0
008 260306t1945||||xx |||||||||||||| ||spa||
041 _aESP
082 _a922.46
_bS78
100 _aStarkie, Walter
_eAUT
245 0 _aLa España de Cisneros
260 _c1945
300 _a475 páginas :
_c23 cm.
650 _aGEN
654 _aCHU
942 _cLIB
_dJUS
_fJUS
_2ddc
_n
999 _c10385
_d10385